Economic environment of India : (Record no. 9517)

MARC details
000 -LEADER
fixed length control field 00742 a2200193 4500
010 ## - LIBRARY OF CONGRESS CONTROL NUMBER
LC control number ENG-88952
020 ## - INTERNATIONAL STANDARD BOOK NUMBER
International Standard Book Number 8172112270
Terms of availability 550.00
035 ## - SYSTEM CONTROL NUMBER
System control number EN-72485
037 ## - SOURCE OF ACQUISITION
Source of stock number/acquisition DBAD / PUB
082 14 - DEWEY DECIMAL CLASSIFICATION NUMBER
Classification number 338.954
090 ## - LOCALLY ASSIGNED LC-TYPE CALL NUMBER (OCLC); LOCAL CALL NUMBER (OCLC)
-- 9694
-- 9694
100 1# - MAIN ENTRY--PERSONAL NAME
Personal name Ramachandran, K. S.
245 00 - TITLE STATEMENT
Title Economic environment of India :
Statement of responsibility, etc by K. S. Ramachandran
Remainder of title lessons from the past and for the future/
260 ## - PUBLICATION, DISTRIBUTION, ETC. (IMPRINT)
Place of publication, distribution, etc New Delhi
Name of publisher, distributor, etc Northern Book Centre
Date of publication, distribution, etc 2007
270 ## - ADDRESS
Address 4221/1, Ansari Road, Daryaganj
City New Delhi
Postal code 110 002
Telephone number 011-23264519, 011-23271626
Fax number 011-23252651
Electronic mail address nbcnd@ndb.vsnl.in
300 ## - PHYSICAL DESCRIPTION
Extent x, 470 p.
Dimensions 25cm (Hb.)
942 ## - ADDED ENTRY ELEMENTS (KOHA)
Institution code [OBSOLETE] dpl
Koha item type English Books
Call number prefix 338.954 / RAM
Holdings
Withdrawn status Lost status Source of classification or shelving scheme Damaged status Not for loan Collection code Home library Current library Source of acquisition Cost, normal purchase price Total Checkouts Full call number Barcode Date last seen Copy number Uniform Resource Identifier Cost, replacement price Price effective from Koha item type
    Dewey Decimal Classification   Not For Loan Non-fiction D.B.Act.Division D.B.Act.Division DBAD/PUB 550.00   338.954 RAM EN-72485 15/09/2008 1 10503 550.00 15/09/2008 English Books

© Delhi Public Library
Hit Counter
free hit counter